000 00685nam a2200241Ia 4500
003 OSt
005 20221005045455.0
006 a|||||r|||| 00| 0
007 ta
008 221004b |||||||| |||| 00| 0 ben d
024 _a22612
037 _bGift, 07/10/2015,
_cTextual
040 _aCRL
_cCRL
_bben
041 _2ben
_aben
082 _aO157,3N21:g, N3
100 _aBandapadhya Santimoy
_9593652
245 0 _aSatyajoyee satyajit
260 _aKolkata
_bAkhtar Husain India
_c1993
300 _a109p.
_ccm.
650 _aBENGALI LITERATURE
942 _hO157,3N21:g, N3
_cTEXL
_2cc
999 _c955099
_d955099